01293nam a2200265 a 4500001001000000005001700010008004100027041000800068044000800076084002000084100004500104245019200149260003500341300001700376500012800393500018400521500001100705546002400716650005200740650005600792650003400848650004500882700005000927740005000977BRCA_323820190320204159.0060309s1809----enk#---###---#000-0#eng-# aeng aenk a539b.W35c18091 aCervantes Saavedra, Miguel ded1547-161610aThe History and Adventures of the Renowned Don QuixotecTranslated from the Spanish of Miguel de Cervantes Saavedra by T. Smollett to which is Prefixed some Account of the Author´s Life. aLondresbJ. Walker y Co.c1809 a2 v.c13 cm. aContenido : v.1. Primera parte. Vida de Cervantes. Nota del traductor. Prólogo de Cervantes. -- v.2. Segunda parte. Texto aReproducción de la traducción de Smollett, similar a la segunda edición de la misma, publicada en 1761, por Osborne. Semipiel; lomeras adornadas con dorados Lúdovik Osterc aQM1536 aTexto en : inglés14aNovela españolayÉpoca clásica, 1500-170014aLiteratura españolayÉpoca clásica, 1500-170014aNovela españolaySiglo XVII14aDon Quijote (Personaje ficticio)eNovela1 aSmollett, Tobias Georged1721-1771eTraductor0 aEl Ingenioso Hidalgo Don Quijote de la Mancha